[Event "London Classic Open 2017"]
[Site "London ENG"]
[Date "2017.12.03"]
[Round "3.114"]
[White "Ainsworth, George"]
[Black "Compton, Alistair"]
[Result "0-1"]
[WhiteElo "1734"]
[BlackElo "2071"]
[WhiteFideId "449636"]
[BlackFideId "4300645"]
[EventDate "2017.12.02"]

1. e4 e6 2. d4 d5 3. Nd2 Nf6 4. e5 Nfd7 5. Bd3 c5 6. c3 Nc6 7. Ne2 cxd4 8. cxd4
f6 9. exf6 Nxf6 10. Nf3 Bd6 11. Bf4 Bxf4 12. Nxf4 Qa5+ 13. Kf1 O-O 14. Ng5 Nxd4
15. Nxh7 Nxh7 16. Bxh7+ Kxh7 17. Qxd4 Bd7 18. g3 Rae8 19. Re1 Qxa2 20. Kg2 Qc4
21. Qd1 Rf5 22. Qg4 Kg8 23. Rc1 Qe4+ 24. f3 Qe5 25. Rc2 Bc6 26. Re2 Rxf4 27.
Rxe5 Rxg4 28. fxg4 d4+ 29. Kg1 Kf7 30. g5 Rd8 31. Re2 d3 32. Rd2 e5 33. h4 Bxh1
34. Kxh1 e4 0-1

[Event "London Classic Open 2017"]
[Site "London ENG"]
[Date "2017.12.03"]
[Round "3.115"]
[White "Marentini, Marcel"]
[Black "Islam, Mohammed"]
[Result "1-0"]
[WhiteElo "2055"]
[BlackElo "1731"]
[WhiteFideId "1318730"]
[BlackFideId "10211870"]
[EventDate "2017.12.02"]

1. Nf3 d5 2. g3 c5 3. Bg2 Nc6 4. d4 cxd4 5. Nxd4 e5 6. Nxc6 bxc6 7. c4 Bc5 8.
cxd5 Qb6 9. O-O Ne7 10. Nc3 O-O 11. Na4 Qb5 12. Nxc5 Qxc5 13. Be3 Qb5 14. dxc6
Nxc6 15. a4 Qa6 16. b4 Rd8 17. b5 Rxd1 18. Rfxd1 Qa5 19. Bxc6 Rb8 20. Bxa7 Rb7
21. b6 h5 22. Rd8+ Kh7 23. Rxc8 Re7 24. b7 Rxb7 25. Bxb7 Qxa7 26. Rc7 Qd4 27.
Rcc1 Qg4 28. Bf3 Qg6 29. a5 e4 30. Bg2 f5 31. a6 Qe8 32. a7 Qa8 33. Rcb1 1-0

[Event "London Classic Open 2017"]
[Site "London ENG"]
[Date "2017.12.03"]
[Round "3.116"]
[White "Nettleton, Charlie B"]
[Black "Jaufarally, Nadia"]
[Result "1-0"]
[WhiteElo "2047"]
[BlackElo "1723"]
[WhiteFideId "419710"]
[BlackFideId "443727"]
[EventDate "2017.12.02"]

1. e4 c5 2. Nc3 g6 3. f4 Bg7 4. Nf3 d6 5. Bb5+ Nc6 6. Bxc6+ bxc6 7. O-O Nf6 8.
Qe1 O-O 9. d3 Ne8 10. Qh4 Nc7 11. f5 e6 12. Bg5 f6 13. fxg6 hxg6 14. e5 fxg5 15.
Nxg5 Rf5 16. Nce4 Nd5 17. g4 Rf4 18. Qh7+ Kf8 19. Rxf4+ Nxf4 20. Nf6 Nh3+ 21.
Nxh3 Bxf6 22. Rf1 dxe5 23. Qh8+ Ke7 24. Qxf6+ Kd7 25. Qg7+ Kd6 26. Nf2 Bd7 27.
Ne4+ Kd5 28. Rf7 Be8 29. Qf8 1-0

[Event "London Classic Open 2017"]
[Site "London ENG"]
[Date "2017.12.03"]
[Round "3.117"]
[White "Pollack, Oscar"]
[Black "Cotter, Len"]
[Result "1-0"]
[WhiteElo "2014"]
[BlackElo "1700"]
[WhiteFideId "429414"]
[BlackFideId "431419"]
[EventDate "2017.12.02"]

1. e4 c5 2. Nf3 d6 3. d4 cxd4 4. Nxd4 Nf6 5. Nc3 a6 6. Be3 e5 7. Nf3 Be7 8. Bc4
O-O 9. O-O b5 10. Bd5 Nxd5 11. Qxd5 Qc7 12. Qxa8 Bb7 13. Qa7 Rc8 14. Qb6 Qd7 15.
Rad1 Nc6 16. Bc1 Nd4 17. Nxd4 Bd8 18. Qa7 Ra8 19. Qxa8 Bxa8 20. Nf5 Bc7 21. Nd5
Bb8 22. Nb6 Qc6 23. Ne7+ 1-0

[Event "London Classic Open 2017"]
[Site "London ENG"]
[Date "2017.12.03"]
[Round "3.118"]
[White "Kobas, Mihael"]
[Black "Dror, Levi"]
[Result "1-0"]
[WhiteElo "2001"]
[BlackElo "1677"]
[WhiteFideId "14537133"]
[BlackFideId "2809583"]
[EventDate "2017.12.02"]

1. d4 Nf6 2. c4 g6 3. Nc3 Bg7 4. e4 d6 5. f3 O-O 6. Be3 e5 7. d5 Nh5 8. g4 Nf4
9. Qd2 f5 10. gxf5 gxf5 11. O-O-O Qh4 12. Nge2 fxe4 13. fxe4 Bg4 14. h3 Nd7 15.
Rg1 Bf3 16. Nxf4 exf4 17. Bf2 Qh6 18. Be2 Ne5 19. Bd4 Bxe2 20. Nxe2 Rf7 21. Rdf1
Ng6 22. Bxg7 Rxg7 23. Nxf4 Re8 24. Ne6 Qxd2+ 25. Kxd2 Rge7 26. Rf6 Kh8 27. Rgf1
Rg8 28. Rf7 Rc8 29. Rxe7 Nxe7 30. Rf7 Ng6 31. Rxc7 Rxc7 32. Nxc7 Ne5 33. b3 Kg7
34. Ne8+ 1-0

[Event "London Classic Open 2017"]
[Site "London ENG"]
[Date "2017.12.03"]
[Round "3.119"]
[White "Balaji, Aaravamudhan"]
[Black "Sheedy, Shane"]
[Result "1-0"]
[WhiteElo "1884"]
[BlackElo "1620"]
[WhiteFideId "436224"]
[BlackFideId "2507536"]
[EventDate "2017.12.02"]

1. d4 g6 2. c4 Bg7 3. Nc3 c5 4. e3 Nf6 5. Nf3 O-O 6. Be2 d5 7. O-O cxd4 8. exd4
Nc6 9. c5 b6 10. Bb5 Bd7 11. Bxc6 Bxc6 12. Ne5 Rc8 13. b4 Bb7 14. Be3 bxc5 15.
bxc5 Nd7 16. f4 Nxe5 17. fxe5 e6 18. Qa4 a6 19. Rfb1 Qc7 20. Rb6 f6 21. exf6
Rxf6 22. Rab1 Rcf8 23. Ne2 Bc8 24. Rd6 Rf5 25. Ng3 R5f7 26. Qb3 Qe7 27. Qd3 Qh4
28. Rd1 Qg4 29. Qe2 Qxe2 30. Nxe2 Rb7 31. Rb6 Rbf7 32. Ng3 Kh8 33. h3 Kg8 34.
Ne2 Rb7 35. Rxb7 Bxb7 36. Rb1 Bc8 37. Nc3 Bf6 38. Na4 Bd8 39. Nb6 Bxb6 40. Rxb6
Kf7 41. Rc6 Kf6 42. g4 h5 43. Bf4 hxg4 44. hxg4 g5 45. Bd6 Re8 46. Be5+ Kg6 47.
Rc7 Rg8 48. Kg2 Kh6 49. Rf7 Kg6 50. Rf6+ Kh7 51. Kf3 Re8 52. Ke3 Rg8 53. Kd3 Re8
54. Kc3 Rg8 55. Kb4 Re8 56. Ka5 Rg8 57. Kb6 Re8 58. Kc7 a5 59. Rf1 Kg6 60. Rf6+
Kh7 61. c6 Ba6 62. Kd7 Rg8 63. c7 Bc8+ 64. Ke7 a4 65. Rf8 Rxf8 66. Kxf8 Kg6 67.
Ke7 Ba6 68. Kd8 Kf7 69. c8=Q Bxc8 70. Kxc8 Ke7 71. Kc7 Ke8 72. Kd6 Kf7 73. Kd7 1-0

[Event "London Classic Open 2017"]
[Site "London ENG"]
[Date "2017.12.03"]
[Round "3.120"]
[White "Sajjadi, Kimiya"]
[Black "Thatte, Nishchal"]
[Result "1-0"]
[WhiteElo "1876"]
[BlackElo "1617"]
[WhiteFideId "1516434"]
[BlackFideId "447234"]
[EventDate "2017.12.02"]

1. d4 d5 2. c4 e6 3. Nc3 c5 4. cxd5 exd5 5. Nf3 Nc6 6. g3 Nf6 7. Bg2 Be7 8. O-O
O-O 9. Bg5 Be6 10. Bxf6 Bxf6 11. dxc5 Bxc3 12. bxc3 Qa5 13. Ng5 Qxc5 14. e4 Rad8
15. Qh5 h6 16. Nxe6 fxe6 17. Rad1 Ne7 18. exd5 Nxd5 19. Qe5 Rfe8 20. Rd4 Qe7 21.
Rfd1 Rc8 22. Bxd5 exd5 23. Qxd5+ Qf7 24. Qxf7+ Kxf7 25. Rf4+ Ke6 26. Re4+ Kf5
27. Rxe8 Rxe8 28. Rd7 g5 29. Rxb7 Rc8 30. Rxa7 Rxc3 31. Kg2 Rc2 32. Ra5+ Kg6 33.
a4 g4 34. Rb5 Ra2 35. Rb4 h5 36. Rf4 Kg5 37. h3 Rb2 38. hxg4 hxg4 39. Kf1 Ra2
40. Ke1 Ra1+ 41. Kd2 Ra2+ 42. Kc3 Ra3+ 43. Kb4 Ra1 44. Kb5 Rb1+ 45. Rb4 Rf1 46.
Rb2 Kf5 47. a5 Re1 48. a6 Re5+ 49. Ka4 Re6 50. Ka5 Re1 51. a7 Ra1+ 52. Kb6 Ke4
53. Kb7 Kf3 54. a8=Q Rxa8 55. Kxa8 Ke4 56. Kb7 Kf3 57. Kc6 Ke4 58. Kd6 Kf3 59.
Ke5 Kg2 60. Kf4 Kh3 61. Ra2 Kh2 62. Kxg4 Kg2 63. f4+ Kg1 64. f5 Kh1 65. f6 Kg1
66. f7 Kh1 67. f8=Q Kg1 68. Qf2+ Kh1 69. Qh2# 1-0

[Event "London Classic Open 2017"]
[Site "London ENG"]
[Date "2017.12.03"]
[Round "3.121"]
[White "Kim, Changhoon"]
[Black "Cheung, Ryan"]
[Result "1-0"]
[WhiteTitle "CM"]
[WhiteElo "1859"]
[BlackElo "1610"]
[WhiteFideId "34117234"]
[BlackFideId "1804995"]
[EventDate "2017.12.02"]

1. Nf3 d5 2. d4 Nf6 3. c4 c6 4. Qc2 g6 5. Bf4 Qb6 6. e3 Bf5 7. Qb3 Qxb3 8. axb3
Nbd7 9. c5 Bg7 10. b4 a6 11. b5 Bxb1 12. bxc6 bxc6 13. Rxb1 O-O 14. h3 Ra7 15.
b4 Ne4 16. Bd3 Nc3 17. Rb3 Nb5 18. O-O Nf6 19. Ne5 Rc8 20. Ra1 Kf8 21. Bxb5 cxb5
22. Rba3 Nh5 23. Rxa6 Rxa6 24. Rxa6 Nxf4 25. exf4 Bxe5 26. fxe5 Rb8 27. Rb6 1-0

[Event "London Classic Open 2017"]
[Site "London ENG"]
[Date "2017.12.03"]
[Round "3.122"]
[White "Lochte, Szilvia"]
[Black "Lee, Chulwoo"]
[Result "1-0"]
[WhiteElo "1850"]
[BlackElo "1607"]
[WhiteFideId "708410"]
[BlackFideId "34117277"]
[EventDate "2017.12.02"]

1. d4 d5 2. Bf4 Nc6 3. e3 a6 4. Nf3 Bf5 5. c3 Nf6 6. Bd3 Bg6 7. Qc2 Qd7 8. h3 e6
9. Nbd2 Nh5 10. Bh2 Bxd3 11. Qxd3 g6 12. e4 dxe4 13. Nxe4 f5 14. Ned2 Nf6 15.
Ne5 Nxe5 16. Bxe5 Bg7 17. O-O-O Nd5 18. Nb3 Bxe5 19. dxe5 Qa4 20. Nc5 Qc6 21.
Nxe6 Nb4 22. Ng7+ Ke7 23. Qd4 Nxa2+ 24. Kb1 Rad8 25. Qh4+ Kf7 26. Rxd8 Rxd8 27.
Qxd8 Nxc3+ 28. bxc3 Qe4+ 29. Kc1 Kxg7 30. Qd4 Qc6 31. Rd1 Kh6 32. Qe3+ g5 33. g3
Qc4 34. h4 f4 35. hxg5+ 1-0

[Event "London Classic Open 2017"]
[Site "London ENG"]
[Date "2017.12.03"]
[Round "3.123"]
[White "Rushbrooke, Tibo"]
[Black "Nyenhuis, Yannek"]
[Result "1/2-1/2"]
[WhiteElo "1570"]
[BlackElo "1847"]
[WhiteFideId "433900"]
[BlackFideId "16231538"]
[EventDate "2017.12.02"]

1. e4 e6 2. d4 d5 3. e5 c5 4. Nf3 Nc6 5. Bd3 cxd4 6. O-O Nge7 7. Bf4 Qb6 8. b3
Ng6 9. Bg3 Bd7 10. a3 Be7 11. Nbd2 Rc8 12. Qe2 a6 13. h4 Bd8 14. h5 Nge7 15. Ng5
Nf5 16. Ndf3 h6 17. Bxf5 hxg5 18. Bd3 Ne7 19. Nxg5 Nf5 20. Bf4 Bb5 21. Rad1 Qc6
22. Qf3 Bxd3 23. Rxd3 Qb6 24. g4 Nh6 25. Qd1 Qc7 26. Qf3 Qb6 27. Qd1 1/2-1/2

[Event "London Classic Open 2017"]
[Site "London ENG"]
[Date "2017.12.03"]
[Round "3.124"]
[White "Fernandez Aransay, Fernando"]
[Black "Haddock, Paul"]
[Result "1/2-1/2"]
[WhiteElo "1838"]
[BlackElo "1576"]
[WhiteFideId "2216280"]
[BlackFideId "419150"]
[EventDate "2017.12.02"]

1. e4 c5 2. Nf3 Nc6 3. d4 cxd4 4. Nxd4 Nf6 5. Nc3 d6 6. Bc4 e6 7. Bb3 a6 8. Be3
Qc7 9. O-O Bd7 10. f4 Na5 11. Qf3 Nxb3 12. axb3 Be7 13. f5 O-O 14. g4 d5 15. g5
dxe4 16. Qh3 Nd5 17. Nxe4 exf5 18. Nxf5 Bxf5 19. Rxf5 Nxe3 20. Qxe3 f6 21. gxf6
Bxf6 22. Nxf6+ Rxf6 23. Rxf6 gxf6 24. Qg3+ Qxg3+ 25. hxg3 Rd8 26. Rf1 Kf7 27.
Rf2 Kg6 28. Kg2 h5 29. Kh3 Kg5 30. Re2 Rd7 31. Re8 f5 32. Rg8+ Kf6 33. Rh8 Kg6
34. Rg8+ Kf6 35. Rh8 Kg6 36. Rg8+ 1/2-1/2

[Event "London Classic Open 2017"]
[Site "London ENG"]
[Date "2017.12.03"]
[Round "3.125"]
[White "Barlov, Alex"]
[Black "Siddharth, Sabharishankar"]
[Result "0-1"]
[WhiteElo "1502"]
[BlackElo "1837"]
[WhiteFideId "446602"]
[BlackFideId "25068563"]
[EventDate "2017.12.02"]

1. e4 e5 2. f4 exf4 3. Nf3 Nf6 4. Nc3 Bb4 5. e5 Nh5 6. Bc4 O-O 7. O-O d6 8. d4
Nc6 9. exd6 Bxd6 10. Ne4 Be7 11. c3 Bf5 12. Re1 Re8 13. Bxf7+ Kxf7 14. Ne5+ Nxe5
15. Qxh5+ Bg6 16. Qxe5 Bf6 17. Qxf4 Qd5 18. Ng5+ Kg8 19. Bd2 c5 20. Qf3 Qd7 21.
d5 Rf8 22. Qg3 Qxd5 23. Bf4 Rae8 24. Nf3 Rxe1+ 25. Rxe1 Qxa2 26. Bd6 Re8 27.
Rxe8+ Bxe8 28. Bxc5 Qxb2 29. Qd6 Qb1+ 30. Kf2 Qa2+ 31. Kg1 Qf7 32. Bxa7 Bxc3 33.
Bc5 Bc6 34. Qd8+ Qe8 35. Qd1 Bf6 36. Bf2 Qd7 37. Qb3+ Qd5 38. Qb1 b5 39. Be1 Be7
40. Qb2 Bc5+ 41. Kf1 b4 42. Qe2 Bb6 43. Nd4 Bxd4 0-1

[Event "London Classic Open 2017"]
[Site "London ENG"]
[Date "2017.12.03"]
[Round "3.126"]
[White "De Lagontrie, Jean"]
[Black "Perez Bolanos, Joel"]
[Result "1-0"]
[WhiteElo "1823"]
[BlackElo "1519"]
[WhiteFideId "605271"]
[BlackFideId "24564419"]
[EventDate "2017.12.02"]

1. d4 Nf6 2. c4 g6 3. Nc3 Bg7 4. e4 O-O 5. f4 d6 6. Nf3 c5 7. d5 e6 8. Be2 exd5
9. cxd5 Re8 10. e5 dxe5 11. fxe5 Ng4 12. O-O Nxe5 13. Bf4 Nbd7 14. d6 Nxf3+ 15.
Bxf3 Bd4+ 16. Kh1 Ne5 17. Nb5 Nxf3 18. Qxf3 Bd7 19. Nc7 Bc6 20. Qd3 a6 21. Rfe1
Rxe1+ 22. Rxe1 Rc8 23. Re7 Qf8 24. Qh3 Rd8 25. Ne6 Qxe7 26. dxe7 Re8 27. Bd6
fxe6 28. Qxe6+ Kg7 29. b3 Bb5 30. h4 Bc6 31. Kh2 b6 32. g4 Bf6 33. g5 Bd4 34.
Be5+ Bxe5+ 35. Qxe5+ 1-0

[Event "London Classic Open 2017"]
[Site "London ENG"]
[Date "2017.12.03"]
[Round "3.127"]
[White "Crismann, Alessandro Claudio"]
[Black "Hung, Dylan"]
[Result "1-0"]
[WhiteTitle "FM"]
[WhiteElo "1821"]
[BlackElo "1400"]
[WhiteFideId "14302870"]
[BlackFideId "426423"]
[EventDate "2017.12.02"]

1. e4 c6 2. d4 d5 3. exd5 cxd5 4. c4 Nf6 5. Nc3 Nc6 6. Nf3 Bg4 7. Be3 e6 8. h3
Bh5 9. c5 Be7 10. Be2 O-O 11. O-O b6 12. Qa4 Qc7 13. b4 a5 14. b5 Na7 15. Rab1
Rab8 16. Qa3 Nd7 17. Na4 Bxf3 18. gxf3 e5 19. Rfc1 bxc5 20. Nxc5 Nxc5 21. dxc5
d4 22. Bd2 Qd7 23. Qxa5 d3 24. c6 Qxh3 25. Bf1 Nxc6 26. Bxh3 Nxa5 27. Bxa5 f5
28. Bc7 Ra8 29. Bxe5 Rxa2 30. Rc7 Bf6 31. Bxf6 Rxf6 32. b6 Rf8 33. b7 d2 34. Rc8
Rb2 35. Rxf8+ Kxf8 36. b8=Q+ 1-0

[Event "London Classic Open 2017"]
[Site "London ENG"]
[Date "2017.12.03"]
[Round "3.128"]
[White "Neatherway, A Philip"]
[Black "Othman, Wael"]
[Result "1-0"]
[WhiteElo "1806"]
[BlackElo "1343"]
[WhiteFideId "418854"]
[BlackFideId "10302158"]
[EventDate "2017.12.02"]

1. e4 d6 2. d4 g6 3. Nc3 Nf6 4. Bg5 Bg7 5. Qd2 O-O 6. f4 a6 7. a4 b6 8. Nf3 Bb7
9. Bd3 Ne8 10. O-O Qd7 11. Rae1 Nc6 12. Ne2 Na5 13. b4 Nc6 14. c3 f6 15. Bc4+
Kh8 16. Bh4 Nd8 17. Qe3 Nf7 18. Bg3 Nh6 19. h3 Qxa4 20. Bh2 a5 21. Ra1 Qd7 22.
bxa5 bxa5 23. Rfb1 c6 24. d5 Qc8 25. dxc6 Bxc6 26. Ned4 Bd7 27. Bd5 Ra6 28. Bb7
Qc4 29. Nd2 Qc5 30. Bxa6 e5 31. Nc2 Qxe3+ 32. Nxe3 exf4 33. Nd5 f5 34. Rxa5 Nf6
35. Bxf4 Nf7 36. Nxf6 Bxf6 37. Ra3 g5 38. Be3 f4 39. Bd4 Ne5 40. Nf3 g4 41. Bxe5
dxe5 42. hxg4 Bxg4 43. Rab3 Rg8 44. Rb8 Bd8 45. Bc4 Re8 46. Bf7 Rf8 47. Nxe5 Be2
48. Bc4 Bh5 49. Nc6 f3 50. Rxd8 f2+ 51. Kf1 Rxd8 52. Nxd8 Bg6 53. Bd5 Kg7 54.
Ne6+ Kf6 55. Nf4 Be8 56. Rb6+ Kg5 57. Nh3+ Kg4 58. Kxf2 Bg6 59. Rxg6+ hxg6 60.
c4 g5 61. c5 Kh4 62. Nxg5 Kg4 63. c6 Kf4 64. c7 Kxg5 65. c8=Q Kh4 66. Qg8 Kh5
67. Bf7+ Kh4 68. Qg3# 1-0

[Event "London Classic Open 2017"]
[Site "London ENG"]
[Date "2017.12.04"]
[Round "4.1"]
[White "Hector, Jonny"]
[Black "Melkumyan, Hrant"]
[Result "0-1"]
[WhiteTitle "GM"]
[BlackTitle "GM"]
[WhiteElo "2493"]
[BlackElo "2633"]
[WhiteFideId "1700090"]
[BlackFideId "13302485"]
[EventDate "2017.12.02"]

1. e4 e5 2. Nf3 Nf6 3. Nc3 Nc6 4. g3 d5 5. exd5 Nxd5 6. Bg2 Nxc3 7. bxc3 Bc5 8.
O-O O-O 9. Re1 Bg4 10. Qe2 Qd7 11. Qc4 Bb6 12. Nxe5 Nxe5 13. Rxe5 Rfe8 14. d4
Rxe5 15. dxe5 Qd1+ 16. Qf1 Qxc2 17. Qe1 Re8 18. Bf4 c6 19. a4 Qb2 20. Rc1 Qa2
21. c4 Qxa4 22. c5 Ba5 23. Bd2 Bc7 24. f4 Bc8 25. Ra1 Qc4 26. Qc1 Qxc1+ 27. Bxc1
a6 28. Kf2 Be6 29. Rb1 Rb8 30. Be4 g6 31. Kf3 h5 32. Ba3 a5 33. Ke3 a4 34. Bc2
b5 35. Be4 Rd8 36. Bxc6 Bc4 37. Be4 Ba5 38. c6 Bb6+ 39. Kf3 Rd2 40. Rb2 Rxb2 41.
Bxb2 b4 42. f5 a3 43. Bc1 gxf5 44. Bxf5 Bd5+ 45. Be4 Be6 46. g4 Bd4 47. c7 a2
48. Bf5 a1=Q 0-1

[Event "London Classic Open 2017"]
[Site "London ENG"]
[Date "2017.12.04"]
[Round "4.2"]
[White "Elsness, Frode"]
[Black "Cornette, Matthieu"]
[Result "1/2-1/2"]
[WhiteTitle "IM"]
[BlackTitle "GM"]
[WhiteElo "2477"]
[BlackElo "2606"]
[WhiteFideId "1501100"]
[BlackFideId "620084"]
[EventDate "2017.12.02"]

1. Nf3 c5 2. c4 Nc6 3. Nc3 g6 4. e3 Nf6 5. d4 cxd4 6. exd4 d5 7. cxd5 Nxd5 8.
Qb3 e6 9. Bc4 Bg7 10. Nxd5 exd5 11. Bxd5 O-O 12. Bxc6 bxc6 13. O-O Bg4 14. Bf4
Bxf3 1/2-1/2

[Event "London Classic Open 2017"]
[Site "London ENG"]
[Date "2017.12.04"]
[Round "4.3"]
[White "Hawkins, Jonathan"]
[Black "Fodor, Tamas Jr."]
[Result "1/2-1/2"]
[WhiteTitle "GM"]
[BlackTitle "GM"]
[WhiteElo "2579"]
[BlackElo "2496"]
[WhiteFideId "412686"]
[BlackFideId "723762"]
[EventDate "2017.12.02"]

1. d4 Nf6 2. c4 e6 3. Nc3 Bb4 4. e3 O-O 5. Bd3 d5 6. Nf3 c5 7. O-O Nc6 8. a3
Bxc3 9. bxc3 dxc4 10. Bxc4 Qc7 11. Bd3 Rd8 12. Qc2 e5 13. Bb2 Bg4 14. Ng5 h6 15.
Ne4 Nxe4 16. Bxe4 Na5 17. Rab1 cxd4 18. cxd4 Qxc2 19. Bxc2 Nc4 20. Bc1 exd4 21.
exd4 b6 22. f3 Be6 23. Rd1 Rac8 24. Be4 f5 25. Bb7 Rc7 26. Ba6 Na5 27. Bf4 Rcd7
28. Be5 Bc4 29. Bxc4+ Nxc4 30. Rdc1 Nxe5 31. dxe5 Rd2 32. f4 Ra2 33. Rb3 g5 34.
fxg5 Rdd2 35. Rg3 f4 36. Rg4 h5 37. Rxf4 Rxg2+ 38. Kf1 Rxh2 1/2-1/2

[Event "London Classic Open 2017"]
[Site "London ENG"]
[Date "2017.12.04"]
[Round "4.4"]
[White "Nihal, Sarin"]
[Black "Bates, Richard A"]
[Result "1-0"]
[WhiteTitle "IM"]
[BlackTitle "IM"]
[WhiteElo "2507"]
[BlackElo "2378"]
[WhiteFideId "25092340"]
[BlackFideId "403555"]
[EventDate "2017.12.02"]

1. d4 Nf6 2. c4 e6 3. Nf3 Bb4+ 4. Bd2 a5 5. g3 d6 6. Bg2 Nbd7 7. O-O e5 8. dxe5
Nxe5 9. Nxe5 dxe5 10. Qa4+ Qd7 11. Qxd7+ Nxd7 12. Nc3 c6 13. a3 Bxc3 14. Bxc3 a4
15. f4 O-O 16. f5 Re8 17. Rad1 Nb6 18. c5 Nd7 19. Bb4 e4 20. Rf4 Nf6 21. g4 h5
22. h3 Bd7 23. Rd6 Rad8 24. Ba5 Ra8 25. Be1 hxg4 26. hxg4 Re7 27. Bh4 Ra5 28.
Rxf6 gxf6 29. Bxf6 Kf8 30. g5 Ke8 31. g6 fxg6 32. fxg6 Rxc5 33. g7 Be6 34. Rxe4
Kd7 35. Bxe7 1-0

[Event "London Classic Open 2017"]
[Site "London ENG"]
[Date "2017.12.04"]
[Round "4.5"]
[White "Abergel, Thal"]
[Black "Vakhidov, Jakhongir"]
[Result "0-1"]
[WhiteTitle "GM"]
[BlackTitle "GM"]
[WhiteElo "2464"]
[BlackElo "2500"]
[WhiteFideId "614890"]
[BlackFideId "14201801"]
[EventDate "2017.12.02"]

1. e4 c5 2. Nc3 Nc6 3. Bb5 Nd4 4. Bc4 a6 5. Nf3 b5 6. Bxf7+ Kxf7 7. Nxd4 cxd4 8.
Qh5+ g6 9. Qd5+ e6 10. Qxa8 dxc3 11. Qa7 Qg5 12. d3 Qxg2 13. Rf1 Bg7 14. Qc7
cxb2 15. Bxb2 Bxb2 16. Rb1 Qg5 17. Qxc8 Ne7 18. Qxd7 Rc8 19. c4 bxc4 20. dxc4
Qa5+ 21. Ke2 Rd8 22. Qb7 Rd2+ 23. Kf3 Qh5+ 0-1

[Event "London Classic Open 2017"]
[Site "London ENG"]
[Date "2017.12.04"]
[Round "4.6"]
[White "Motylev, Alexander"]
[Black "Das, Sayantan"]
[Result "1/2-1/2"]
[WhiteTitle "GM"]
[BlackTitle "IM"]
[WhiteElo "2675"]
[BlackElo "2442"]
[WhiteFideId "4121830"]
[BlackFideId "5034426"]
[EventDate "2017.12.02"]

1. e4 c5 2. Nf3 d6 3. d4 cxd4 4. Nxd4 Nf6 5. Nc3 a6 6. Bd3 g6 7. Be3 Bg7 8. f3
Nc6 9. Qd2 O-O 10. O-O-O d5 11. Nxc6 bxc6 12. Bh6 e5 13. Bxg7 Kxg7 14. exd5 cxd5
15. f4 d4 16. fxe5 dxc3 17. exf6+ Qxf6 18. Qxc3 Qxc3 19. bxc3 Be6 20. Rhf1 Rfc8
21. c4 Rab8 22. Rf4 Rb4 23. a3 Ra4 24. Kb2 Rb8+ 25. Ka2 Rb5 26. Ra1 h5 27. Rd4
Rb6 28. Re1 Ra5 29. Rde4 Kf6 30. g3 Rg5 31. Rd4 Ra5 32. Re3 g5 33. h4 g4 34.
Rf4+ Kg7 35. Rd4 Kf6 36. Rf4+ Kg7 37. Bf1 Rc5 38. Rd4 Kf6 39. Bd3 1/2-1/2

[Event "London Classic Open 2017"]
[Site "London ENG"]
[Date "2017.12.04"]
[Round "4.7"]
[White "Ladron De Guevara Pinto, Paolo"]
[Black "Sargissian, Gabriel"]
[Result "1/2-1/2"]
[WhiteTitle "IM"]
[BlackTitle "GM"]
[WhiteElo "2422"]
[BlackElo "2672"]
[WhiteFideId "2290847"]
[BlackFideId "13300881"]
[EventDate "2017.12.02"]

1. e4 e5 2. Nf3 Nc6 3. Bb5 a6 4. Ba4 d6 5. c3 Bd7 6. d4 g6 7. Bg5 f6 8. Be3 Nh6
9. h3 Bg7 10. dxe5 dxe5 11. Bc5 Bf8 12. Bxf8 Kxf8 13. O-O Kg7 14. Qe2 Qe7 15.
Bc2 Nd8 16. Nbd2 Ne6 17. Qe3 Qc5 18. Qxc5 Nxc5 19. a4 a5 20. Rfd1 Nf7 21. Ne1
Rhd8 22. f3 b6 23. Kf2 Be6 24. Ke3 Rd6 25. b4 Nb7 26. Bd3 Rc6 27. Rdc1 Rd6 28.
Rd1 Rc6 29. Rdc1 Nfd6 30. b5 Rc5 31. Be2 Nc4+ 32. Nxc4 Bxc4 33. Bxc4 Rxc4 34.
Nd3 Rd8 35. Nb2 Rc5 36. Nd3 Rc4 37. Nb2 Rc5 38. Nd3 Rc4 1/2-1/2

[Event "London Classic Open 2017"]
[Site "London ENG"]
[Date "2017.12.04"]
[Round "4.8"]
[White "Raja, Harshit"]
[Black "Iturrizaga Bonelli, Eduardo"]
[Result "1/2-1/2"]
[WhiteTitle "IM"]
[BlackTitle "GM"]
[WhiteElo "2420"]
[BlackElo "2665"]
[WhiteFideId "5089000"]
[BlackFideId "3901211"]
[EventDate "2017.12.02"]

1. e4 c5 2. Nf3 g6 3. d4 cxd4 4. Nxd4 Bg7 5. c4 Nc6 6. Be3 Nf6 7. Nc3 Ng4 8.
Qxg4 Nxd4 9. Qd1 Ne6 10. Qd2 Qa5 11. Rc1 b6 12. Qd5 Rb8 13. Qxa5 bxa5 14. b3 Bd4
15. Bxd4 Nxd4 16. Rd1 Nc6 17. Be2 d6 1/2-1/2

[Event "London Classic Open 2017"]
[Site "London ENG"]
[Date "2017.12.04"]
[Round "4.9"]
[White "Sundararajan, Kidambi"]
[Black "Nabaty, Tamir"]
[Result "1/2-1/2"]
[WhiteTitle "GM"]
[BlackTitle "GM"]
[WhiteElo "2419"]
[BlackElo "2657"]
[WhiteFideId "5005370"]
[BlackFideId "2809052"]
[EventDate "2017.12.02"]

1. Nf3 d5 2. b3 Nf6 3. Bb2 e6 4. e3 Bd6 5. c4 O-O 6. Nc3 b6 7. Qc2 Bb7 8. cxd5
exd5 9. Nb5 c5 10. Nxd6 Qxd6 11. Be2 d4 12. O-O Ng4 13. g3 d3 14. Bxd3 Bxf3 15.
Bxh7+ Kh8 16. Be4 Nxh2 17. Qc3 Rg8 18. Bxf3 Nxf3+ 19. Kg2 Qc6 20. e4 Nh4+ 21.
gxh4 Qxe4+ 22. Qf3 Qxf3+ 23. Kxf3 Nc6 24. Rg1 f6 25. Rae1 Rad8 26. Bc3 Rd6 27.
Re4 Rgd8 28. Rge1 Kg8 29. Re8+ Kf7 30. Rxd8 Rxd8 31. Re4 Rd3+ 32. Ke2 Rh3 33. b4
cxb4 34. Bxb4 Nxb4 35. Rxb4 Ra3 36. Rb2 Kg6 37. d3 Ra4 38. Ke3 Rxh4 39. d4 Kf5
40. a4 Rh3+ 41. f3 g5 42. Rb5+ Ke6 43. Ke4 Rh4+ 44. Ke3 Kd6 45. Rf5 Rf4 46. Rb5
Rh4 47. Rf5 Ke6 48. Rb5 g4 49. fxg4 Rxg4 50. d5+ Ke5 51. a5 bxa5 52. Rxa5 Rg3+
53. Kf2 Rg7 54. Ke3 Rf7 55. Kf3 f5 56. Ke3 f4+ 57. Kf3 Kd6 58. Rb5 Kc7 59. Rb4
Rf5 60. Rxf4 Rxd5 61. Ke3 Kc6 62. Rd4 Rc5 63. Ra4 a5 64. Kd4 Kb5 65. Rxa5+ Kxa5
66. Kxc5 1/2-1/2